Pequeño teatro escolar cooperativo /
Guardado en:
| Autor Principal: | |
|---|---|
| Formato: | Libro |
| Idioma: | Spanish |
| Publicado: |
Bahía Blanca :
Ircecoop,
1981.
|
| Materias: | |
| Etiquetas: |
Agregar Etiqueta
Sin Etiquetas, Sea el primero en etiquetar este registro!
|
| LEADER | 00506nam a22001695a 4500 | ||
|---|---|---|---|
| 001 | EAD.bibadm003607 | ||
| 003 | AR-BaBDC | ||
| 005 | 20100211094135.0 | ||
| 008 | 080718s1981####ag############000#0#spa#d | ||
| 245 | 1 | 0 | |a Pequeño teatro escolar cooperativo / |c Italo O. Donda. |
| 260 | |a Bahía Blanca : |b Ircecoop, |c 1981. | ||
| 300 | |a 80 p. | ||
| 100 | 1 | |a Donda, Italo O. | |
| 082 | 0 | 4 | |a 370 |
| 653 | |a Educacion cooperativa | ||
| 653 | |a Teatro escolar | ||
| 859 | |a AR-BaBDC |b BIB. ADMINISTRACION GABCOOP - Libros |h 370 |i D716-2 |p g00539 | ||
